AutoCAD avanzado versión 11 incluye AME: manual de bolsillo
Wedi'i Gadw mewn:
| Prif Awduron: | , |
|---|---|
| Fformat: | Llyfr |
| Iaith: | Sbaeneg |
| Cyhoeddwyd: |
Madrid
McGraw-Hill
1992
|
| Pynciau: | |
| Tagiau: |
Ychwanegu Tag
Dim Tagiau, Byddwch y cyntaf i dagio'r cofnod hwn!
|
MARC
| LEADER | 00000nam a2200000 a 4500 | ||
|---|---|---|---|
| 001 | UCW2220 | ||
| 003 | CL-VaPUC | ||
| 008 | 930517e19920000SP |||||||||||||||||spa|d | ||
| 082 | 0 | 4 | |a 005.133 |b LOP |2 21 |
| 100 | |a López Fernández, Javier |e autor |9 473147 | ||
| 700 | 0 | |a Tajadura Zapiraín, José Antonio |e author |9 306182 | |
| 245 | 1 | 0 | |a AutoCAD avanzado versión 11 incluye AME: manual de bolsillo |
| 300 | |a 316 p | ||
| 942 | |c BK | ||
| 945 | |d 19930517 00:00:00 |a mfernand | ||
| 260 | |a Madrid |b McGraw-Hill |c 1992 | ||
| 650 | 0 | |a AutoCAD |x Lenguaje de programación para computadores |9 262753 | |
| 650 | 7 | |a DISEÑO ASISTIDO POR COMPUTADOR |2 CL-VaPUC |9 306183 | |
| 583 | |a last modification |c 19930517 00:00:00 |k Rodrigo Vera | ||
| 999 | |c 216819 |d 216817 | ||